000 00519nam a2200181Ia 4500
005 20250423095751.0
008 250422s9999 xx 000 0 und d
020 _a631143092
050 _aHG 3881 .M2765/
100 _aHolland, J. B.
245 0 _aInternational financial management
260 _aNew York
260 _bBasil Black
260 _c1986
300 _a262 p
650 _aInternational finance. Foreign exchange problem. Asset-liability management. Banks and banking, International.
942 _cBK
999 _c31273
_d31273